Po stopách B. Gerstera : Staromešťania odleteli do Atén a Korintu

Podrobná bibliografia
Hlavný autor: nos (Author)
Médium: Článok
Jazyk:Slovak
Vydané: 1998
Témy:
Zdroj: 1. Košický večer 1. Roč. 9, č. 107(1998), dát. 0608, s. 1
LEADER 00982nab#a2200337#ar4500
001 000006413
003 SVKKK
005 20030801105931.0
008 030801c1998 e sloo
FMT
038 |a SVKKK 
040 |a SVKKK  |b slo  |e AACR2 
041 0 |a slo 
080 |a 7.09  |2 1981 
080 |a 791.43.0  |2 1981 
080 |a 92  |2 1981 
100 0 |a nos  |4 aut 
245 1 0 |a Po stopách B. Gerstera :  |b Staromešťania odleteli do Atén a Korintu  |c nos , 
260 |c 1998 
650 0 4 |a cesty služobné 
650 0 4 |a dokumenty filmové 
650 0 4 |a informácie 
650 0 4 |a rodáci košickí  |z Gerster, Béla (projektant Korintského prieplavu, stavebný inžinier, 1850-1923)  |z Košice  |z Staré mesto, (mestská časť) 
650 0 4 |a úrady miestne  |z TV NAŠA, Košice 
773 0 |t Košický večer  |g Roč. 9, č. 107(1998), dát. 0608, s. 1 
957 |a Košice-Staré mestot 
974 |a Cr 
992 |a RBX 
BAS
852 |a SVKKK  |b BIB 
998 |a REG